আধুনিক বাংলা কাব্যে হিন্দু-মুসলমান সম্পর্ক (১৮৫৭-১৯২০) / (Record no. 64923)
[ view plain ]
| 000 -LEADER | |
|---|---|
| fixed length control field | 01044nam a2200241 a 4500 |
| 001 - CONTROL NUMBER | |
| control field | 64923 |
| 003 - CONTROL NUMBER IDENTIFIER | |
| rucl marc code | BD-RjUL |
| 005 - DATE AND TIME OF LATEST TRANSACTION | |
| control field | 20211209081352.0 |
| 008 - FIXED-LENGTH DATA ELEMENTS--GENERAL INFORMATION | |
| fixed length control field | 160921s1970 bg ||||| |||| 00| 0 ben d |
| 020 ## - INTERNATIONAL STANDARD BOOK NUMBER | |
| Terms of availability | : Tk. 180.00 |
| International Standard Book Number | 9840744631 |
| 035 ## - SYSTEM CONTROL NUMBER | |
| System control number | (BD-RjUL)65053 |
| 040 ## - CATALOGING SOURCE | |
| Original cataloging agency | BD-RjUL |
| Language of cataloging | ben |
| Transcribing agency | BD-RjUL |
| Modifying agency | BD-RjUL |
| 041 ## - LANGUAGE CODE | |
| Language code of text/sound track or separate title | ben |
| 082 ## - DEWEY DECIMAL CLASSIFICATION NUMBER | |
| Edition number | 23 |
| Classification number | 891.44109 |
| Author mark and year | MOA 1970 |
| 100 ## - MAIN ENTRY--PERSONAL NAME | |
| Personal name | মনিরুজ্জামান, মোহাম্মদ |
| 9 (RLIN) | 123234 |
| 245 10 - TITLE STATEMENT | |
| Title | আধুনিক বাংলা কাব্যে হিন্দু-মুসলমান সম্পর্ক (১৮৫৭-১৯২০) / |
| Statement of responsibility, etc. | মোহাম্মদ মনিরুজ্জামান |
| 250 ## - EDITION STATEMENT | |
| Edition statement | ১ম. সং. |
| 260 ## - PUBLICATION, DISTRIBUTION, ETC. (IMPRINT) | |
| Place of publication, distribution, etc. | ঢাকা : |
| Name of publisher, distributor, etc. | বাংলা একাডেমী, |
| Date of publication, distribution, etc. | ১৯৭০ |
| 300 ## - PHYSICAL DESCRIPTION | |
| Pagination | [১০], ২৭৬ পৃ. ; |
| Size | ২১ সেমি. |
| 650 ## - SUBJECT ADDED ENTRY--TOPICAL TERM | |
| Topical term or geographic name as entry element | বাংলা কবিতা |
| Form subdivision | ইতিহাস ও সমালোচনা |
| 9 (RLIN) | 117724 |
| Topical term or geographic name as entry element | Bengali poetry |
| Form subdivision | History and Criticism |
| 9 (RLIN) | 117725 |
| 942 ## - ADDED ENTRY ELEMENTS (KOHA) | |
| Source of classification or shelving scheme | Dewey Decimal Classification |
| Koha item type | Books |
| Lost status | Source of classification or shelving scheme | Damaged status | Not for loan | Collection code | Permanent Location | Current Location | Shelving location | Date acquired | Source of acquisition | Cost, normal purchase price | Total Checkouts | Full call number | Date last seen | Copy number | Koha item type |
|---|---|---|---|---|---|---|---|---|---|---|---|---|---|---|---|
| Dewey Decimal Classification | Not For Loan | Non-fiction | Central Library, University of Rajshahi | Central Library, University of Rajshahi | Reading Room | 12/08/2009 | Bangla Academy , Dhaka | 180.00 | B 891.44109 MOA 1970 | 25/02/2017 | C-1 | Books |